000 00796cam a2200289 i 4500
001 768714001
003 CO-MdFUSB
005 20250612103934.0
007 ta
008 250529t1980 -sp||||| |||| 00| 0 spa d
020 _a84-7228-411-5
040 _cCO-MdFUSB
041 0 _aspa
082 0 4 _223
_a248.8
_bI78p
100 1 _aIserte Badenas, Salvador
_eautor
245 1 0 _aLos peligros del pensamiento mal dirigido :
_bhigiene mental
_c/ Salvador Iserte
264 1 _aTerrassa, Barcelona, España :
_bClie,
_c[1980]
264 4 _c©1980
300 _a105 páginas
336 _atexto
_btxt
_2rdacontent
337 _2rdamedia
_asin mediación
_bn
338 _2rdacarrier
_avolumen
_bnc
563 _aRústico
650 0 _aVida cristiana
_919
942 _cBK
945 _aMiguel Gómez
999 _c32298
_d32298